[Event "Valle Region-ch"]
[Site "Cali"]
[Date "2012.03.16"]
[Round "1.14"]
[White "Calero, Hector"]
[Black "Plazas, Alfonso"]
[Result "0-1"]
[WhiteElo "1578"]
[BlackElo "1988"]
[PlyCount "64"]
[EventDate "2012.03.16"]
[EventType "swiss"]
[EventRounds "7"]
[EventCountry "COL"]
[SourceTitle "EXT 2024"]
[Source "ChessBase"]
[SourceDate "2023.10.10"]
[SourceVersion "1"]
[SourceVersionDate "2023.10.10"]
[SourceQuality "1"]

1. e4 e5 2. b3 Nf6 3. Nc3 Bb4 4. Bb2 Nc6 5. f3 0-0 6. Bd3 d5 7. exd5 Nxd5 8. Nxd5 Qxd5 9. Bc4 Qd6 10. c3 Ba5 11. Ne2 Bb6 12. Qc2 Be6 13. Bd3 h6 14. g4 Rad8 15. Bh7+ Kh8 16. 0-0-0 a5 17. a4 g6 18. Bxg6 fxg6 19. Qxg6 Bxb3 20. Qxd6 cxd6 21. Rdf1 Bxa4 22. c4 Nb4 23. Nc3 Nd3+ 24. Kb1 Bb3 25. Nd5 Bc5 26. h4 Bxc4 27. Ne3 Bxe3 28. dxe3 Nxb2 29. Rc1 Rxf3 30. Kxb2 Rf2+ 31. Ka1 b5 32. Rb1 Ra2# 0-1